00636 a2200181 4500010002800000020002300028020002600051035002700077037001600104082001300120100002200133245009800155260003600253260004500289270007000334300002900404500002100433 aENG-89530 B-452782-785 c695.00a8178241889 c695.00a9788178241883 aEN-73063 B-452782-785 bDBAD / PUB14a338.09541 aMarkovits, Claude1 aMerchants, traders, entrepreneurs:cby Claude MarkovitsbIndian business in the colonial era/ aRanikhetbPermanent Blackc2008 aNew DelhibOrient Longman (Distributor) aHimalayana, Mall Road, Ranikhet CanttbRanikhete263645cRanikhet axii, 292p.c22 cm. (Hb) aIncludes index